| 000 | 00776nam a2200253Ia 4500 | ||
|---|---|---|---|
| 003 | OSt | ||
| 005 | 20220924115645.0 | ||
| 006 | a|||||r|||| 00| 0 | ||
| 007 | ta | ||
| 008 | 220923b |||||||| |||| 00| 0 san d | ||
| 020 | _a9788178541587 (hbk) | ||
| 020 | _c3500 | ||
| 024 | _a238595 | ||
| 037 |
_b64, 31/08/2009, Vidyanidhi Prakashan _cTextual |
||
| 040 |
_aARTS _cARTS _bsan |
||
| 041 |
_2san _asan |
||
| 082 | _aQ22:223, 15P9.1-.3(RR) | ||
| 100 |
_aDutt Manmatha Nath _958128 |
||
| 245 | 0 | _aSrimadbhagvata Mahapuranam | |
| 260 |
_aDelhi _bEastern Book Linkers India _c2009 |
||
| 650 | _aRELIGION | ||
| 942 |
_hQ22:223, 15P9.1-.3(RR) _cTEXL _2CC |
||
| 999 |
_c399317 _d399317 |
||